Talas žazba eskertkǐšterǐ

Elmentve itt :
Bibliográfiai részletek
Szerző: Ajdarov Gubajdulla
Dokumentumtípus: Cikk
Megjelent: 1963
Sorozat:Bǐlǐm žäne eñbek 1963 No. 10
Tárgyszavak:
Online Access:http://misc.bibl.u-szeged.hu/55709
LEADER 00635nab a2200193 i 4500
001 misc55709
005 20230117122614.0
008 200506s1963 hu o 0|| kaz d
040 |a SZTE Miscellanea Repozitórium  |b hun 
041 |a kaz 
100 1 |a Ajdarov Gubajdulla 
245 1 0 |a Talas žazba eskertkǐšterǐ  |h [elektronikus dokumentum] /  |c  Ajdarov Gubajdulla 
260 |c 1963 
300 |a 30-31 
490 0 |a Bǐlǐm žäne eñbek  |v 1963 No. 10 
561 |a Németh Gyula hagyaték 
650 4 |a Bölcsészettudományok 
650 4 |a Nyelvek és irodalom 
856 4 0 |u http://misc.bibl.u-szeged.hu/55709/1/070_noa_a30.pdf  |z Dokumentum-elérés